|
|
|
|
| LEADER |
00000cam a2200000 7i4500 |
| 001 |
0000006326 |
| 002 |
000006830 |
| 005 |
20000330.0 |
| 020 |
|
|
|a 9679630013
|
| 090 |
0 |
0 |
|a 297.5
|b MOH
|
| 100 |
0 |
|
|a Mohd.Roshdi Yusoff
|f Ustaz
|
| 245 |
1 |
0 |
|a 40 persoalan arqam & aurad Muhammadiah
|c Ustaz Mohd. Roshdi Yusoff
|
| 260 |
|
|
|a K.Lumpur :
|b Penerbitan Raqib ,
|c 1994
|
| 300 |
|
|
|a 299p. ;
|c 20cm.
|
| 650 |
0 |
0 |
|a Islam and secular disciplines
|
| 651 |
|
0 |
|a Malaysia
|x Islamic issues
|
| 999 |
|
|
|a 037930
|b BUKU
|c PINJAMAN
|e PERPUSTAKAAN KOMUNITI PETALING JAYA
|
| 999 |
|
|
|a 037931
|b BUKU
|c PINJAMAN
|e PERPUSTAKAAN KOMUNITI PETALING JAYA
|